000 00209 a2200097 4500
001 15051
100 _aWoods W
245 _aA yugoslav adventure
260 _aLondon
_bAndre dentsch
_c
090 _c11806
_d11806
942 _aNUST-CAE
_cM
_c2010
999 _c250124
_d250124